000 00576nam a2200205Ia 4500
005 20260429112004.0
008 260429s9999||||xx |||||||||||||| ||und||
020 _a9781647268541
041 _aEnglish
082 _a515.7
_bKON
100 _aKontos, Jim
245 0 _aFunctional calculus :
_btheory and applications /
_cJim Kontos
260 _aNew York :
_bClanrye International,
_c2025.
300 _avii, 219 p.; hb
650 _a Functional analysis
650 _a Functional calculus
650 _a Mathematical analysis
650 _aMathematics
942 _cTB
999 _c51771
_d51771